000 00308nam a22001097a 4500
008 230623b xxu||||| |||| 00| 0 eng d
082 _a330.96
_bGOK 2003
245 _aEconomic Recovery Strategy for Wealth and Employment Creation
_b2003-2007
260 _aKenya
_bGOK
_c2003
300 _aIV,40p
942 _2ddc
_cBK
999 _c2550
_d2550